| 000 | 01603cam a22002891 4500 | ||
|---|---|---|---|
| 001 | gs 64000316 | ||
| 003 | DLC | ||
| 005 | 20260227111415.0 | ||
| 008 | 780805s1964 dcuabd b f000 0 eng | ||
| 010 | _ags 64000316 | ||
| 035 | _a(OCoLC)4112608 | ||
| 040 |
_aDLC _cOClU _dOCoLC _dDLC |
||
| 050 | 0 | 0 |
_aQE75 _b.B9 no. 1160 |
| 051 |
_aQE81 _b.U5 |
||
| 110 | 2 | _aGeological Survey (U.S.) | |
| 245 | 1 | 0 |
_aStudies of pre-Selma Cretaceous core samples from the outcrop area in western Alabama; _ca group of papers by W. H. Monroe [and othes] |
| 260 |
_aWashington, _bU.S. Govt. Print. Off., _c1964. |
||
| 300 |
_aix, 108 p. _billus., maps, diagrs. (1 fold. in pocket) tables. _c24 cm. |
||
| 410 | 2 | 0 |
_aGeological Survey (U.S.) _tBulletin, _v1160 |
| 500 | _aChapters have individual title pages. | ||
| 504 | _aIncludes bibliographies. | ||
| 505 | 0 | _aA. General description of cores of pre-Selma Cretaceous strata in western Alabama, by W. H. Monroe--B. Petrology of pre-Selma strata from core holes in western Alabama, by R. E. Bergenback.--C. Pre-Selma larger invertebrate fossils from well core samples in western Alabama, by N. F. Sohl.--D. A microfauna from the Coker formation, Alabama, by E. R. Applin.--E. A preliminary report on the pollen and spores of the pre-Selma Upper Cretaceous strata of western Alabama, by E. B. Leopold and H. M. Pakiser.--F. General remarks on the pre-Selma Cretaceous strata of western Alabama, by L. C. Conant. | |
| 650 | 0 |
_aGeology _zAlabama |
|
| 650 | 0 |
_aGeology, Stratigraphic _yCretaceous |
|
| 650 | 0 |
_aBorings _zAlabama |
|
| 700 | 1 |
_aMonroe, Watson Hiner, _d1907- |
|
| 999 |
_c29891 _d29891 |
||